Recent Advances in Antenna Design for 5G Heterogeneous Networks (Record no. 27534)

MARC details
000 -LEADER
fixed length control field 01311nam a2200133Ia 4500
008 - FIXED-LENGTH DATA ELEMENTS--GENERAL INFORMATION
fixed length control field 220620s9999||||xx |||||||||||||| ||und||
020 ## - INTERNATIONAL STANDARD BOOK NUMBER
International Standard Book Number 9783040000000
245 #0 - TITLE STATEMENT
Title Recent Advances in Antenna Design for 5G Heterogeneous Networks
546 ## - LANGUAGE NOTE
Language note English[eng]
650 ## - SUBJECT ADDED ENTRY--TOPICAL TERM
Topical term or geographic name entry element band-pass||compact||filter-antenna||LTE||microstrip||4G||reconfigurable||tunable||radio frequency||filter||antenna||filter–antenna||filtenna||fourth generation (4G)||fifth-generation (5G)||isolation enhancement||surface waves||gain||circuit model||line resonators||MIMO antennas||5G||asymmetric patch||dual polarization||dual resonance||reflectarray||unit cell||slotted-stub||RF energy harvesting||impedance matching network (IMN)||power conversion efficiency||rectifier||IoT||5G antenna||shell||devices||directivity||bandwidth||green’s functions||method of moments||uniaxial anisotropy||input impedance||field distributions||dipole antenna||4-elements||8-elements||UWB||MIMO||ECC||isolation||dual-band||mobile IoT||autonomous vehicles||B5G||V2X||DSRC||WiFi 6 band||Sirius/XM Radio||ISM band||smart eyewear antenna||slot antenna||MIMO system||Wi-Fi 6e||polycarbonate||n/a
700 ## - ADDED ENTRY--PERSONAL NAME
Personal name Elfergani, Issa Tamer||Abd-Alhameed, Raed A||Hussaini, Abubakar Sadiq
856 ## - ELECTRONIC LOCATION AND ACCESS
Uniform Resource Identifier <a href="https://mdpi.com/books/pdfview/book/4905">https://mdpi.com/books/pdfview/book/4905</a>
942 ## - ADDED ENTRY ELEMENTS (KOHA)
Koha item type E-Books
Holdings
Withdrawn status Lost status Damaged status Not for loan Home library Current library Date acquired Total Checkouts Date last seen Price effective from Koha item type
        Kerala University of Digital Sciences, Innovation and Technology Knowledge Centre Kerala University of Digital Sciences, Innovation and Technology Knowledge Centre 20/06/2022   20/06/2022 20/06/2022 E-Books